UM Logo

Career assessment and scholastic performance in taking bachelor of secondary education major in mathematics / (Record no. 13862)

MARC details
000 -LEADER
fixed length control field 00651nam a22001577a 4500
008 - FIXED-LENGTH DATA ELEMENTS--GENERAL INFORMATION
fixed length control field 190426b ||||| |||| 00| 0 eng d
082 ## - DEWEY DECIMAL CLASSIFICATION NUMBER
Edition number 2018
Classification number UT 1264
Item number D71
100 ## - MAIN ENTRY--PERSONAL NAME
Personal name Domipal, Meriel E.
9 (RLIN) 38572
245 ## - TITLE STATEMENT
Title Career assessment and scholastic performance in taking bachelor of secondary education major in mathematics /
Statement of responsibility, etc. Meriel E. Domipal, Cyril Claire A. Gonzales, and John Mark E. Lagon.
260 ## - PUBLICATION, DISTRIBUTION, ETC. (IMPRINT)
Place of publication, distribution, etc. Digos City:
Name of publisher, distributor, etc. UMDC,
Date of publication, distribution, etc. November 2018.
300 ## - PHYSICAL DESCRIPTION
Extent 64 pages;
Dimensions 29 cm.
650 ## - SUBJECT ADDED ENTRY--TOPICAL TERM
Topical term or geographic name as entry element Education
Form subdivision Mathematics
General subdivision Undergraduate thesis.
9 (RLIN) 38573
700 ## - ADDED ENTRY--PERSONAL NAME
Personal name Gonzales, Cyril Claire A.
9 (RLIN) 38574
700 ## - ADDED ENTRY--PERSONAL NAME
Personal name Lagon, John Mark E.
9 (RLIN) 38575
942 ## - ADDED ENTRY ELEMENTS (KOHA)
Source of classification or shelving scheme Dewey Decimal Classification
Koha item type Undergraduate Thesis
Holdings
Withdrawn status Lost status Source of classification or shelving scheme Damaged status Not for loan Home library Current library Date acquired Total Checkouts Full call number Barcode Date last seen Copy number Price effective from Koha item type
    Dewey Decimal Classification     UM Digos College - LIC UM Digos College - LIC 03/26/2019   UT 1264 D71 2018 UT64 04/26/2019 1 04/26/2019 Undergraduate Thesis